[Event "29th Czech Open A 2018"]
[Site "Pardubice CZE"]
[Date "2018.07.20"]
[Round "1.25"]
[White "Gallego Alcaraz, Andres Felipe"]
[Black "Kratochvil, Vit1"]
[Result "1/2-1/2"]
[WhiteTitle "IM"]
[WhiteElo "2504"]
[BlackElo "2233"]
[WhiteFideId "4402669"]
[BlackFideId "333808"]
[EventDate "2018.07.20"]

1. d4 Nf6 2. Nf3 c5 3. d5 b5 4. c4 bxc4 5. Nc3 d6 6. e4 g6 7. Nd2 Bg7 8. Nxc4
O-O 9. Be2 Nbd7 10. Bd2 Nb6 11. Na5 Bd7 12. O-O Nc8 13. Nc4 Rb8 14. Qc2 Nb6 15.
h3 Ne8 16. b3 Nxc4 17. bxc4 f5 18. Rab1 Nf6 19. exf5 Bxf5 20. Bd3 Bxd3 21. Qxd3
Nd7 22. Qe2 Rxb1 23. Rxb1 Bd4 24. Ne4 Nb6 25. Ba5 Rf5 26. g3 Qb8 27. Kg2 Qb7 28.
f4 Rf8 29. Ng5 Bf6 30. Ne6 Rb8 31. g4 Qa6 32. Rb5 Qc8 33. Qd3 Nd7 34. Qb1 Rxb5
35. Qxb5 Nf8 36. Nc7 h5 37. Qa6 Qd7 38. Qc6 hxg4 39. Qxd7 Nxd7 40. hxg4 g5 41.
fxg5 Bxg5 42. Bc3 Nb6 43. Kf3 Nxc4 44. Ke4 Kf7 45. Nb5 a6 46. Nc7 Nb6 47. Ba5
Nc4 48. Bc3 Nb6 49. Ba5 Nc4 50. Be1 a5 51. a4 Bf6 52. Kf5 Ne3+ 53. Ke4 Nc4 54.
Ne6 Kg6 55. Kf4 Nb2 56. Bxa5 Nxa4 57. Ke4 Nb2 58. Bd2 Nc4 59. Bc1 Nb6 60. Be3
Na4 61. Bd2 Bc3 62. Bg5 Bf6 63. Bd2 Bc3 64. Bc1 Bf6 65. Bd2 c4 66. Nf4+ Kf7 67.
Kf5 Bb2 68. g5 c3 69. g6+ Kg8 70. Be3 Nc5 71. Bd4 Nb3 72. Be3 c2 73. Ne2 c1=Q
74. Nxc1 Bxc1 75. Bxc1 Nxc1 76. Ke6 Ne2 77. Kxe7 Nf4 78. Kxd6 Kg7 79. Ke5 Nxd5
80. Kxd5 Kxg6 1/2-1/2

[Event "29th Czech Open A 2018"]
[Site "Pardubice CZE"]
[Date "2018.07.20"]
[Round "1.26"]
[White "Mueer, Sebastian"]
[Black "Kislinsky, Alexey"]
[Result "0-1"]
[BlackTitle "GM"]
[WhiteElo "2233"]
[BlackElo "2502"]
[WhiteFideId "24622001"]
[BlackFideId "14108801"]
[EventDate "2018.07.20"]

1. Nf3 g6 2. c4 Bg7 3. e4 c5 4. d4 cxd4 5. Nxd4 Qb6 6. Nb3 Qc7 7. Be2 d6 8. O-O
Nd7 9. Nd4 Ngf6 10. Nc3 O-O 11. f3 a6 12. Be3 e6 13. Rc1 b6 14. Qd2 Bb7 15. Rfd1
Rad8 16. b4 Rfe8 17. Nb3 Qb8 18. Qxd6 Qxd6 19. Rxd6 Bf8 20. Rxb6 Nxb6 21. Bxb6
Bxb4 22. Bxd8 Rxd8 23. Rd1 Rxd1+ 24. Nxd1 Nd7 25. Nb2 Bc6 26. Nd3 Bc3 27. Kf1 a5
28. Ne1 a4 29. Nc1 Ne5 30. f4 Bd2 31. fxe5 Bxc1 32. Nd3 Be3 33. Bf3 Bd4 34. Ke2
Bb7 35. Kd2 Ba6 36. c5 Kf8 37. a3 Ke8 38. h3 Kd7 39. Nb4 Bb5 40. Be2 Bxe2 41.
c6+ Kc7 42. Kxe2 Bb2 43. Na2 Kxc6 44. Kd3 Kb5 45. Nc3+ Ka5 46. Nb1 Bxe5 47. Kc4
f5 48. exf5 gxf5 49. Kc5 Bb2 50. Kd6 e5 51. Nd2 Kb5 52. Kd5 Bxa3 53. Kxe5 Bb4
54. Nf1 a3 55. Ne3 a2 56. Nc2 Kc4 0-1

[Event "29th Czech Open A 2018"]
[Site "Pardubice CZE"]
[Date "2018.07.20"]
[Round "1.27"]
[White "Schlosser, Philipp"]
[Black "Bharath, Subramaniyam H"]
[Result "1-0"]
[WhiteTitle "GM"]
[BlackTitle "CM"]
[WhiteElo "2501"]
[BlackElo "2231"]
[WhiteFideId "4600169"]
[BlackFideId "46634827"]
[EventDate "2018.07.20"]

1. Nf3 Nf6 2. c4 b6 3. d4 Bb7 4. e3 g6 5. Bd3 Bg7 6. Nc3 O-O 7. e4 d6 8. O-O
Nbd7 9. Re1 e5 10. d5 Nc5 11. Bc2 a5 12. a3 a4 13. Be3 Nb3 14. Rb1 Ng4 15. Bg5
f6 16. Bh4 Qd7 17. h3 Nh6 18. Nxa4 Nd4 19. Nc3 Nxc2 20. Qxc2 g5 21. Bg3 g4 22.
hxg4 Qxg4 23. Nh4 Bc8 24. Qe2 Qg5 25. Nb5 Rf7 26. b4 f5 27. exf5 Nxf5 28. Nxf5
Bxf5 29. Rb3 Bg4 30. Qe3 Qh5 31. c5 bxc5 32. bxc5 Raf8 33. cxd6 cxd6 34. Nxd6
Rf3 35. Qb6 R3f6 36. Rxe5 Bf5 37. Re1 Rh6 38. f3 Bc2 39. Rb4 Rg6 40. Qf2 Bc3 41.
Re8 Bxb4 42. Rxf8+ Kxf8 43. axb4 Bb3 44. Qe3 Rg7 45. Qf4+ Kg8 46. Nf5 Rd7 47. d6
Qe8 48. Bh4 Qe6 49. Be7 Ba4 50. Qg4+ Qg6 51. Qc4+ Kh8 52. Qc8+ 1-0

[Event "29th Czech Open A 2018"]
[Site "Pardubice CZE"]
[Date "2018.07.20"]
[Round "1.28"]
[White "Lorscheid, Gerhard"]
[Black "Potapov, Pavel"]
[Result "1/2-1/2"]
[WhiteTitle "FM"]
[BlackTitle "GM"]
[WhiteElo "2229"]
[BlackElo "2500"]
[WhiteFideId "4606000"]
[BlackFideId "4169786"]
[EventDate "2018.07.20"]

1. d4 f5 2. Nf3 Nf6 3. Bg5 e6 4. Nbd2 Be7 5. Bxf6 Bxf6 6. e4 d5 7. exf5 exf5 8.
Bd3 O-O 9. O-O c5 10. c3 b6 11. Re1 Nc6 12. Bb5 Qd6 13. dxc5 Qxc5 14. a4 Ne7 15.
Nb3 Qd6 16. Nbd4 f4 17. Qe2 Nf5 18. Nxf5 Bxf5 19. Nd4 Bxd4 20. cxd4 Qb4 21. Bc6
Rad8 22. Qb5 Qd6 23. Re5 Be6 24. Rae1 Bf7 25. Bb7 h6 26. a5 bxa5 27. Qxa5 Rd7
28. Ba6 Rb8 29. Bb5 Rdd8 30. Bf1 Qb6 31. Qxb6 Rxb6 32. Re7 Rxb2 33. Rxa7 Rd2 34.
Ree7 Rf8 35. Ra4 Re8 36. Rxe8+ Bxe8 37. Rb4 g5 38. f3 h5 39. g3 fxg3 40. hxg3 h4
41. Rb8 Kf7 42. Rb7+ Kf6 43. Rb6+ Ke7 44. Rb7+ Kd6 45. Rg7 Rd1 46. Kf2 hxg3+ 47.
Kg2 Rxd4 48. Rxg5 Rd1 49. Rxg3 d4 50. f4 Bc6+ 51. Kf2 Be4 52. Be2 Rd2 53. Ke1
Rb2 54. Bd3 Bxd3 55. Rxd3 Kd5 56. Rh3 Ke4 57. Kd1 Kxf4 58. Rd3 Ke4 59. Rh3 d3
60. Rh8 Ke5 1/2-1/2

[Event "29th Czech Open A 2018"]
[Site "Pardubice CZE"]
[Date "2018.07.20"]
[Round "1.29"]
[White "Zaitsev, Alexander"]
[Black "Olson, Hamish"]
[Result "1/2-1/2"]
[WhiteTitle "GM"]
[WhiteElo "2499"]
[BlackElo "2229"]
[WhiteFideId "4164490"]
[BlackFideId "2404257"]
[EventDate "2018.07.20"]

1. e4 e5 2. Nc3 Nf6 3. Bc4 Nxe4 4. Qh5 Nd6 5. Qxe5+ Qe7 6. Qxe7+ Bxe7 7. Bb3 Nf5
8. Nf3 c6 9. O-O d5 10. Re1 O-O 11. Ne2 Na6 12. c3 Nh4 13. Ned4 Nxf3+ 14. Nxf3
Bd6 15. d4 Nc7 16. Bc2 Bd7 17. Ne5 Rae8 18. Bf4 Bc8 19. Bg3 f6 20. Nf3 Bxg3 21.
hxg3 Rxe1+ 22. Rxe1 Re8 23. Kf1 1/2-1/2

[Event "29th Czech Open A 2018"]
[Site "Pardubice CZE"]
[Date "2018.07.20"]
[Round "1.30"]
[White "Humburg, Philipp"]
[Black "Hasangatin, Ramil"]
[Result "1/2-1/2"]
[BlackTitle "GM"]
[WhiteElo "2225"]
[BlackElo "2497"]
[WhiteFideId "24656151"]
[BlackFideId "4122160"]
[EventDate "2018.07.20"]

1. d4 Nf6 2. Nf3 d6 3. c4 g6 4. Nc3 Bf5 5. g3 Ne4 6. Nxe4 Bxe4 7. Bg2 Bg7 8. O-O
O-O 9. Be3 c6 10. Qd2 d5 11. Rfc1 dxc4 12. Rxc4 Nd7 13. Nh4 Nb6 14. Rc5 Bxg2 15.
Nxg2 e5 16. dxe5 Qxd2 17. Bxd2 Nd7 18. Rc2 Nxe5 19. Bc3 Rad8 20. Nf4 Rfe8 21.
Bxe5 Rxe5 22. Nd3 Red5 23. Rb1 a5 24. b3 Bf8 25. Rc4 c5 26. a4 Rb8 27. Kg2 b5
28. axb5 Rxb5 29. Ra1 Rd8 30. Ra3 Rdb8 1/2-1/2

[Event "29th Czech Open A 2018"]
[Site "Pardubice CZE"]
[Date "2018.07.20"]
[Round "1.31"]
[White "Simacek, Pavel"]
[Black "Bracker, Arne"]
[Result "1-0"]
[WhiteTitle "GM"]
[WhiteElo "2490"]
[BlackElo "2224"]
[WhiteFideId "307165"]
[BlackFideId "24618160"]
[EventDate "2018.07.20"]

1. e4 e5 2. Nf3 Nc6 3. Nc3 Nf6 4. Bb5 Nd4 5. Bc4 Bc5 6. d3 d6 7. Na4 b5 8. Nxd4
bxc4 9. Nf5 O-O 10. Nxc5 dxc5 11. dxc4 Qxd1+ 12. Kxd1 Nxe4 13. Ne7+ Kh8 14. Nxc8
Rfxc8 15. Ke2 Nd6 16. b3 Nf5 17. c3 Nd6 18. Rd1 f6 19. Ba3 a5 20. Rac1 Nb7 21.
Rd7 Ra6 22. Rcd1 Rd6 23. R1xd6 Nxd6 24. Kd3 Nb7 25. Ke4 Kg8 26. Kd5 c6+ 27. Ke6
Re8+ 28. Kf5 Rb8 29. h4 a4 30. bxa4 Na5 31. Bxc5 Nxc4 32. Rc7 Ra8 33. Rxc6 e4
34. Bd4 Rxa4 35. Rc8+ Kf7 36. Rc7+ Kg8 37. Ra7 e3 38. fxe3 Rxa7 39. Bxa7 Kf7 40.
Bc5 Nb2 41. Ke4 Ke6 42. Kd4 Kf5 43. c4 Kg4 44. Bf8 g6 45. c5 Na4 46. Be7 Kxh4
47. Bxf6+ Kg3 48. e4 1-0

[Event "29th Czech Open A 2018"]
[Site "Pardubice CZE"]
[Date "2018.07.20"]
[Round "1.32"]
[White "Leeb, Simon"]
[Black "Belyakov, Bogdan"]
[Result "1/2-1/2"]
[BlackTitle "IM"]
[WhiteElo "2224"]
[BlackElo "2489"]
[WhiteFideId "12924768"]
[BlackFideId "24104795"]
[EventDate "2018.07.20"]

1. d4 Nf6 2. c4 g6 3. Nc3 Bg7 4. e4 d6 5. Be2 O-O 6. Bg5 h6 7. Be3 c5 8. e5 dxe5
9. dxe5 Qxd1+ 10. Rxd1 Ng4 11. Bxc5 Nc6 12. Nf3 Ngxe5 13. Nd5 Nxf3+ 14. Bxf3
Bxb2 15. O-O Be6 16. Rb1 Bd4 17. Ba3 Rab8 18. Rfd1 Be5 19. Re1 Bg7 20. Bxe7 Nxe7
21. Nxe7+ Kh7 22. Bd5 Bc3 23. Re4 Rfe8 24. Bxe6 Rxe7 25. Bd5 Rc7 26. g3 Kg7 27.
Rb3 Bf6 28. a4 a5 29. Rf3 Rf8 30. Rb3 Rb8 31. Rf3 Bg5 32. Re2 b6 33. h4 Bf6 34.
Re4 Rf8 35. Rb3 Rb8 36. Rf3 Rf8 1/2-1/2

[Event "29th Czech Open A 2018"]
[Site "Pardubice CZE"]
[Date "2018.07.20"]
[Round "1.34"]
[White "Nikologorsky, Matfei"]
[Black "Stany, G.A."]
[Result "0-1"]
[BlackTitle "IM"]
[WhiteElo "2222"]
[BlackElo "2483"]
[WhiteFideId "24102474"]
[BlackFideId "5029104"]
[EventDate "2018.07.20"]

1. e4 c5 2. Nf3 e6 3. d4 cxd4 4. Nxd4 Nc6 5. Nc3 Qc7 6. Be2 Nf6 7. O-O a6 8.
Nxc6 bxc6 9. f4 d6 10. Kh1 Be7 11. Qe1 h5 12. Qg3 h4 13. Qxg7 Rh7 14. Qg5 Kf8
15. e5 Nh5 16. exd6 Ng3+ 17. hxg3 Qxd6 18. Ne4 hxg3+ 19. Bh5 Qd4 20. Qe5 Qxe5
21. fxe5 Rxh5+ 22. Kg1 Rxe5 23. Nxg3 Bc5+ 24. Kh2 f5 25. c4 Ra7 26. Bh6+ Ke8 27.
Rf4 Rh7 28. Rh4 f4 29. Nf1 Re2 30. Kh1 Be7 31. Rh2 f3 32. Ne3 Bd6 33. Ng4 Rh8
34. Rh5 f2 0-1

[Event "29th Czech Open A 2018"]
[Site "Pardubice CZE"]
[Date "2018.07.20"]
[Round "1.35"]
[White "Gutman, Gennadi"]
[Black "Jedlicka, Ales"]
[Result "1/2-1/2"]
[WhiteTitle "GM"]
[BlackTitle "FM"]
[WhiteElo "2476"]
[BlackElo "2221"]
[WhiteFideId "14102277"]
[BlackFideId "304824"]
[EventDate "2018.07.20"]

1. Nf3 Nf6 2. b3 d5 3. Bb2 c6 4. g3 Bg4 5. Bg2 Nbd7 6. O-O e6 7. d3 Be7 8. Nbd2
O-O 9. c4 a5 10. a3 Bd6 11. Qc2 Qe7 12. e4 Bxf3 13. Bxf3 dxe4 14. Nxe4 Nxe4 15.
Bxe4 f5 16. Bg2 e5 17. Rfe1 Qg5 18. Bc3 f4 19. b4 Nf6 20. Qe2 fxg3 21. fxg3 Ng4
22. Bd2 Qg6 23. Rf1 axb4 24. Bxb4 Bxb4 25. axb4 Rxa1 26. Rxa1 Qg5 27. Rf1 Rxf1+
28. Bxf1 h5 29. Qe1 Qd8 30. Qe4 1/2-1/2

[Event "29th Czech Open A 2018"]
[Site "Pardubice CZE"]
[Date "2018.07.20"]
[Round "1.36"]
[White "Kearns, Christopher"]
[Black "Gasanov, Eldar"]
[Result "1/2-1/2"]
[BlackTitle "GM"]
[WhiteElo "2221"]
[BlackElo "2475"]
[WhiteFideId "24642118"]
[BlackFideId "14104466"]
[EventDate "2018.07.20"]

1. e4 e5 2. Nf3 Nc6 3. Bc4 Nf6 4. d4 exd4 5. O-O Bc5 6. e5 d5 7. exf6 dxc4 8.
Re1+ Be6 9. Ng5 Qd5 10. Nc3 Qf5 11. g4 Qg6 12. Nce4 Bb6 13. f4 d3+ 14. Kg2 O-O-O
15. f5 Bxf5 16. gxf5 Qxf5 17. Rf1 1/2-1/2

[Event "29th Czech Open A 2018"]
[Site "Pardubice CZE"]
[Date "2018.07.20"]
[Round "1.37"]
[White "Neverov, Valeriy"]
[Black "Balint, Vilmos"]
[Result "1/2-1/2"]
[WhiteTitle "GM"]
[WhiteElo "2473"]
[BlackElo "2220"]
[WhiteFideId "14100150"]
[BlackFideId "718050"]
[EventDate "2018.07.20"]

1. d4 e6 2. Nf3 Nf6 3. c4 Bb4+ 4. Nbd2 O-O 5. a3 Be7 6. e3 b6 7. Bd3 Bb7 8. e4
d5 9. cxd5 exd5 10. e5 Ne4 11. O-O f5 12. exf6 Bxf6 13. Qc2 Re8 14. b4 Kh8 15.
Bb2 Nd7 16. Rae1 Nxd2 17. Qxd2 c5 18. Qc2 cxb4 19. axb4 Rc8 20. Qb1 Nf8 21. b5
Qd6 22. Ne5 Qb4 23. Re3 Bxe5 24. dxe5 d4 25. Rh3 h6 26. f4 Ne6 27. Rg3 Nc5 28.
Bf5 Rcd8 29. Bg6 Re7 30. Ba3 Qc4 31. Qb4 Qd5 32. h4 Rc7 33. Qd2 Ne4 34. Bxe4
Qxe4 35. Re1 Rc2 36. Rxe4 Rxd2 37. Re1 d3 38. e6 Bd5 39. f5 Re2 40. Rd1 d2 41.
Bb4 Bc4 42. Kh2 Rd3 43. Rg6 Bb3 44. Bf8 Bxd1 45. Bxg7+ Kh7 46. Bf6 Rxe6 47. Rg7+
Kh8 48. fxe6 Bh5 49. Rxa7+ Kg8 50. Rg7+ Kh8 51. Ra7+ Kg8 52. Rg7+ Kh8 53. Rb7+
Kg8 54. Rg7+ 1/2-1/2

[Event "29th Czech Open A 2018"]
[Site "Pardubice CZE"]
[Date "2018.07.20"]
[Round "1.38"]
[White "Bente, Bjoern"]
[Black "Malinovsky, Karel"]
[Result "0-1"]
[WhiteTitle "FM"]
[BlackTitle "IM"]
[WhiteElo "2219"]
[BlackElo "2472"]
[WhiteFideId "4638611"]
[BlackFideId "313874"]
[EventDate "2018.07.20"]

1. e4 c5 2. Nf3 g6 3. d4 cxd4 4. Qxd4 Nf6 5. Nc3 Nc6 6. Qa4 d6 7. Bg5 Bg7 8. Nd5
O-O 9. Nxf6+ exf6 10. Bf4 f5 11. O-O-O fxe4 12. Rxd6 Qb6 13. Ne5 Qxf2 14. Qxe4
Bf5 15. Nd3 Qxf1+ 16. Rxf1 Bxe4 0-1

[Event "29th Czech Open A 2018"]
[Site "Pardubice CZE"]
[Date "2018.07.20"]
[Round "1.39"]
[White "Biolek, Richard Jr."]
[Black "Balasubramaniam, H"]
[Result "1/2-1/2"]
[WhiteTitle "IM"]
[WhiteElo "2469"]
[BlackElo "2219"]
[WhiteFideId "319996"]
[BlackFideId "35053248"]
[EventDate "2018.07.20"]

1. e4 c5 2. Nf3 e6 3. d4 cxd4 4. Nxd4 a6 5. Bd3 Nf6 6. O-O Qc7 7. Kh1 d6 8. c4
Be7 9. Nc3 O-O 10. Be3 Nbd7 11. Rc1 b6 12. b3 Bb7 13. f3 Rac8 14. Qe2 Rfe8 15.
Qf2 Qb8 16. Rfd1 Bd8 17. Bf1 Bc7 18. Qh4 Ne5 19. Bg1 Ng6 20. Qf2 Nh5 21. Nde2
Rcd8 22. Na4 d5 23. cxd5 exd5 24. exd5 Ngf4 25. Nac3 Nxe2 26. Nxe2 Rd6 27. Ng3
Rxd5 28. Nxh5 Rxh5 29. h3 Rd8 30. Rxd8+ 1/2-1/2

[Event "29th Czech Open A 2018"]
[Site "Pardubice CZE"]
[Date "2018.07.20"]
[Round "1.40"]
[White "Semjonovs, Ilja"]
[Black "Pacher, Milan"]
[Result "1/2-1/2"]
[BlackTitle "GM"]
[WhiteElo "2219"]
[BlackElo "2467"]
[WhiteFideId "11604263"]
[BlackFideId "14907445"]
[EventDate "2018.07.20"]

1. e4 e5 2. Nf3 Nc6 3. Bb5 a6 4. Ba4 Nf6 5. O-O b5 6. Bb3 Bc5 7. a4 Rb8 8. axb5
axb5 9. c3 d6 10. d4 Bb6 11. dxe5 Nxe5 12. Nxe5 dxe5 13. Qxd8+ Kxd8 14. Nd2 Ke7
15. Nf3 Nd7 16. Bd5 f6 17. b3 Nc5 18. Ba3 Bd7 19. Bxc5+ Bxc5 20. b4 Bb6 21. Rfd1
c6 22. Bb3 Ra8 23. Kf1 g5 24. Ke2 h5 25. Ne1 Rhd8 26. Nd3 Be8 27. Rdc1 h4 28. h3
Kd6 29. f3 Bg6 30. Nf2 c5 31. bxc5+ Bxc5 32. Bd5 Ra4 33. Bb3 Ra3 34. Rxa3 Bxa3
35. Ra1 Ra8 36. Ng4 Ke7 37. Ne3 Ra5 38. Ra2 Ra7 39. Nd5+ Kd6 40. Nxf6 Bc5 41.
Rxa7 Bxa7 42. Bc2 Bc5 43. Bd3 b4 44. cxb4 Bxb4 45. Bb5 Ba5 1/2-1/2

[Event "29th Czech Open A 2018"]
[Site "Pardubice CZE"]
[Date "2018.07.20"]
[Round "1.42"]
[White "Folk, Petr"]
[Black "Henderson de La Fuente, Lance"]
[Result "0-1"]
[BlackTitle "IM"]
[WhiteElo "2217"]
[BlackElo "2463"]
[WhiteFideId "302996"]
[BlackFideId "32096585"]
[EventDate "2018.07.20"]

1. e4 c5 2. Nf3 e6 3. d4 cxd4 4. Nxd4 Nc6 5. Nc3 Qc7 6. Be3 a6 7. Be2 Nf6 8. O-O
Be7 9. f4 d6 10. a4 O-O 11. Kh1 Rb8 12. Bf3 Bd7 13. g4 Nxd4 14. Bxd4 e5 15. Bf2
Bc6 16. f5 h6 17. h4 Nh7 18. a5 Qd8 19. Qe1 g5 20. Bb6 Qd7 21. Be3 Kg7 22. Qd2
Rg8 23. Rf2 Kf8 24. Nd5 Bxd5 25. Qxd5 Ke8 26. hxg5 Bxg5 27. Bxg5 hxg5 28. Rh2
Nf6 29. Qd2 Ke7 30. Ra3 Qb5 31. Kg2 Qxb2 32. Rb3 Qd4 33. Qxd4 exd4 34. Rb4 Rgc8
35. Kg3 Rc5 36. Rxd4 Rxa5 37. Rh6 Rc5 38. c4 a5 39. Bd1 Rbc8 0-1

[Event "29th Czech Open A 2018"]
[Site "Pardubice CZE"]
[Date "2018.07.20"]
[Round "1.43"]
[White "Swayams, Mishra"]
[Black "Zart, Ruediger"]
[Result "1-0"]
[WhiteTitle "IM"]
[WhiteElo "2463"]
[BlackElo "2216"]
[WhiteFideId "5028183"]
[BlackFideId "4668243"]
[EventDate "2018.07.20"]

1. d4 d5 2. Nf3 Nf6 3. Bf4 c5 4. e3 e6 5. c3 Nc6 6. Nbd2 Bd6 7. Bg3 O-O 8. Bd3
b6 9. Qe2 Qc7 10. Rd1 e5 11. dxe5 Nxe5 12. Nxe5 Bxe5 13. Nf3 Bxg3 14. hxg3 h6
15. Qc2 Re8 16. Bf5 Bxf5 17. Qxf5 Qc8 18. Qxc8 Raxc8 19. Ke2 Rc7 20. Rd3 Kf8 21.
Rhd1 Re6 22. Kf1 Ke7 23. Ng1 Rd7 24. Ne2 Red6 25. f3 h5 26. Kf2 g6 27. R3d2 Rd8
28. Nf4 R8d7 29. Nd3 Rc7 30. Ke2 g5 31. Nf2 Rcd7 32. Nh3 Nh7 33. b4 f6 34. Nf2
f5 35. bxc5 bxc5 36. Nd3 Rc7 37. Rb1 Rb6 38. Rdb2 Rcb7 39. Rxb6 Rxb6 40. Rd1 Rb5
41. a4 Ra5 42. Rb1 Ke6 43. Rb7 Nf6 44. Rg7 c4 45. Nb4 Rxa4 46. Rxg5 Ra3 47. Kd2
a5 48. Nc2 Rb3 49. Nd4+ Kf7 50. Nxb3 cxb3 51. Kc1 a4 52. Kb2 Ke6 53. Ka3 Nd7 54.
Rxh5 Nc5 55. Rh4 Kd6 56. Rd4 Kc6 57. g4 fxg4 58. Rxg4 Kb5 59. Rb4+ Kc6 60. Rd4
Kb5 61. g4 Ne6 62. Rxa4 1-0

[Event "29th Czech Open A 2018"]
[Site "Pardubice CZE"]
[Date "2018.07.20"]
[Round "1.44"]
[White "Kula, Dominik"]
[Black "Merry, Alan B"]
[Result "0-1"]
[BlackTitle "IM"]
[WhiteElo "2215"]
[BlackElo "2462"]
[WhiteFideId "344338"]
[BlackFideId "418811"]
[EventDate "2018.07.20"]

1. e4 e6 2. d4 d5 3. exd5 exd5 4. c4 Nf6 5. Nc3 Be7 6. Bd3 Be6 7. cxd5 Nxd5 8.
Nge2 O-O 9. O-O Nd7 10. Nxd5 Bxd5 11. Nf4 Nf6 12. Nxd5 Qxd5 13. Be3 Rad8 14. Qc2
c6 15. Bc4 Qh5 16. h3 Nd5 17. a4 Bf6 18. Rad1 Rfe8 19. Rfe1 Re7 20. Qb3 Nb6 21.
Qb4 Nxc4 22. Qxc4 Qd5 23. Qc5 a6 24. Qb6 h5 25. b4 Rdd7 26. Qc5 g6 27. Kf1 Qb3
28. a5 Rd5 29. Qb6 Red7 30. Kg1 Bd8 31. Qa7 Qxb4 32. Qb8 Qf8 33. Bf4 Be7 34.
Qxf8+ Kxf8 0-1

[Event "29th Czech Open A 2018"]
[Site "Pardubice CZE"]
[Date "2018.07.20"]
[Round "1.45"]
[White "Vogel, Roven"]
[Black "Furman, Boris"]
[Result "1-0"]
[WhiteTitle "IM"]
[BlackTitle "FM"]
[WhiteElo "2462"]
[BlackElo "2214"]
[WhiteFideId "12908088"]
[BlackFideId "4107187"]
[EventDate "2018.07.20"]

1. d4 Nf6 2. c4 e6 3. Nf3 d5 4. g3 Bb4+ 5. Bd2 a5 6. Qc2 O-O 7. Bg2 Nc6 8. O-O
Re8 9. a3 Bd6 10. Rd1 a4 11. c5 Bf8 12. Nc3 Bd7 13. Bg5 Ne7 14. Ne5 h6 15. Bxf6
gxf6 16. Nxd7 Qxd7 17. e4 dxe4 18. Qxe4 Ra7 19. Qf4 f5 20. d5 Ng6 21. Qb4 e5 22.
d6 cxd6 23. cxd6 Re6 24. Qb5 Qd8 25. d7 Rb6 26. Qxb6 1-0

[Event "29th Czech Open A 2018"]
[Site "Pardubice CZE"]
[Date "2018.07.20"]
[Round "1.46"]
[White "Volotovsky, Kirill"]
[Black "Petr, Martin"]
[Result "0-1"]
[BlackTitle "GM"]
[WhiteElo "2214"]
[BlackElo "2456"]
[WhiteFideId "14151634"]
[BlackFideId "318299"]
[EventDate "2018.07.20"]

1. e4 e6 2. d4 d5 3. Bd3 c5 4. exd5 exd5 5. Nf3 Nc6 6. dxc5 Bxc5 7. O-O Nge7 8.
a3 O-O 9. b4 Bb6 10. Bb2 Ng6 11. h3 Qd6 12. Kh1 Bc7 13. Nbd2 Nf4 14. Re1 Qh6 15.
Bf1 a6 16. c4 Rd8 17. b5 Bxh3 18. gxh3 Nxh3 19. Bxh3 Qxh3+ 20. Kg1 Rd6 21. Ng5
Rg6 22. Nf3 Bf4 23. Bc1 Rxg5+ 24. Nxg5 Qh2+ 25. Kf1 Qh1+ 26. Ke2 Re8+ 27. Be3
Rxe3+ 28. fxe3 Qg2+ 29. Kd3 dxc4+ 30. Kxc4 axb5+ 31. Kc5 Bxg5 32. Kb6 Bd8+ 33.
Kxb7 Na5+ 34. Kc8 Qb7+ 0-1

[Event "29th Czech Open A 2018"]
[Site "Pardubice CZE"]
[Date "2018.07.20"]
[Round "1.47"]
[White "Drozdowski, Kacper"]
[Black "Fieberg, Samuel"]
[Result "1-0"]
[WhiteTitle "IM"]
[BlackTitle "FM"]
[WhiteElo "2455"]
[BlackElo "2211"]
[WhiteFideId "1136720"]
[BlackFideId "12901717"]
[EventDate "2018.07.20"]

1. c4 c6 2. Nf3 d5 3. e3 Nf6 4. Nc3 e6 5. b3 Nbd7 6. Bb2 Bd6 7. Qc2 a6 8. d4 b5
9. Bd3 dxc4 10. bxc4 bxc4 11. Bxc4 c5 12. Rd1 Qc7 13. d5 e5 14. Na4 O-O 15. e4
Re8 16. Bc3 Nf8 17. Rb1 Bg4 18. Nd2 Qe7 19. O-O N6d7 20. f3 Bh5 21. Nb3 f5 22.
Na5 fxe4 23. fxe4 Bg6 24. Bd3 c4 25. Nxc4 Rac8 26. Qe2 Bc5+ 27. Kh1 Bd4 28. Bb4
Nc5 29. Nxc5 Bxc5 30. Bc3 Nd7 31. Rb7 Rb8 32. Rxb8 Rxb8 33. Na5 Rf8 34. Rxf8+
Qxf8 35. Nc6 Qf4 36. Bd2 Qh4 37. Be1 Qg5 38. Bxa6 Nf6 39. Bd3 Ng4 40. Bg3 Qc1+
41. Qe1 Qb2 42. h3 Bf2 43. Qb1 Qxb1+ 44. Bxb1 Bxg3 45. hxg4 Be8 46. Bd3 Kf8 47.
Na5 Bd7 48. Be2 Be1 49. Nb3 Bf2 50. Nd2 Ke7 51. Kh2 Be3 52. Nf1 Bc1 53. Kg3 Kd6
54. Kf3 Kc5 55. Ng3 g6 56. Ba6 Kb6 57. Be2 Kc5 58. Nh1 Bd2 59. Nf2 Bg5 60. Nd3+
Kd4 61. Nb2 Bd8 62. Nc4 Bc7 63. Ne3 Bd8 64. Bd1 Bg5 65. Nf1 Bb5 66. Ng3 Bd2 67.
a4 Bd7 68. Nf1 Ba5 69. Ne3 Bd2 70. Nf1 Ba5 71. Ng3 Bd2 72. Ne2+ Kd3 73. Ng1 Kd4
74. Nh3 h6 75. Nf2 Ba5 76. Ke2 Bb4 77. g3 Bc8 78. Bc2 Bd7 79. Kf3 Bd2 80. Bd1
Ba5 81. Nh3 Bd2 82. Ng1 Ba5 83. Ne2+ Kd3 84. Nc1+ Kc3 85. Nb3 Bb6 86. a5 Ba7 87.
d6 Kb4 88. a6 Kb5 89. Be2+ Kc6 90. Na5+ Kxd6 91. Nc4+ Ke6 92. Ne3 Kd6 93. Nd5
Bc6 94. Nf6 Ke6 95. Ng8 h5 96. Bc4+ Kd7 97. gxh5 gxh5 98. Nf6+ Ke7 99. Nxh5 Be8
100. Ng7 Ba4 101. Nf5+ Kf6 102. Nd6 Bd7 103. Bb5 Ke6 104. Bxd7+ Kxd6 105. Bc8
Kc7 106. Bb7 Bc5 107. Ke2 Kb6 108. Kd3 Bf2 109. g4 Bh4 110. Kc4 Bg5 111. Kd5 Bf4
112. Ke6 Kc7 113. Kf6 1-0

[Event "29th Czech Open A 2018"]
[Site "Pardubice CZE"]
[Date "2018.07.20"]
[Round "1.48"]
[White "Miskulin, Dennis"]
[Black "Nasanjargal, Urtnasan"]
[Result "0-1"]
[BlackTitle "FM"]
[WhiteElo "2206"]
[BlackElo "2454"]
[WhiteFideId "1705520"]
[BlackFideId "4900774"]
[EventDate "2018.07.20"]

1. e4 c5 2. Nf3 d6 3. d4 cxd4 4. Nxd4 Nf6 5. Nc3 a6 6. Bc4 e6 7. Bb3 Nbd7 8. O-O
Nc5 9. f4 Be7 10. e5 dxe5 11. fxe5 Nxb3 12. axb3 Bc5 13. Be3 Nd5 14. Qf3 O-O 15.
Nxd5 Qxd5 16. Qxd5 exd5 17. Nf5 Bxf5 18. Bxc5 Rfc8 19. Rxf5 Rxc5 20. c3 Re8 21.
Raf1 Rc7 22. Re1 Rce7 23. Kf2 Re6 24. b4 Kf8 25. Re3 h6 26. Ref3 R8e7 27. Re3
Ke8 28. g4 g6 29. Rf6 Rxf6+ 30. exf6 Rxe3 31. Kxe3 Kd7 32. Kd4 Kd6 33. b3 b6 34.
h4 g5 35. h5 Ke6 36. b5 axb5 0-1